| 000 | nam a22 a 4500 | ||
|---|---|---|---|
| 999 |
_c2648 _d2648 |
||
| 003 | AKMAL | ||
| 005 | 20170517143816.0 | ||
| 008 | 170517t20102010my a e u f000 0 eng d | ||
| 020 | _qpaperback | ||
| 039 | 9 |
_a201605061105 _bVLOAD _c201604260938 _dVLOAD _c201502181209 _dnorizan _c201502180854 _dnorizan |
|
| 040 | _aAKMAL | ||
| 082 | 0 | 4 |
_a664.00882971 DSM _222 |
| 090 | 0 | 0 |
_a664.00882971 _bDSM |
| 110 | 1 |
_aMalaysia. _bJabatan Standard, _eissuing body. _95539 |
|
| 245 | 1 | 0 |
_aHALALAN-TOYYIBAN ASSURANCE PIPELINE. _nPART 1, _pMANAGEMENT SYSTEM REQUIREMENTS FOR TRANSPORTATION OF GOOD AND/OR CARGO CHAIN SERVICES / _cDEPARTMENT OF STANDARDS MALAYSIA |
| 264 | 1 |
_aCyberjaya : _bDepartment of Standards Malaysia, _c[2010] |
|
| 264 | 4 | _c©2010 | |
| 300 |
_av, 34 pages : _billustrations ; _c30 cm. |
||
| 490 | 1 | _aMALAYSIAN STANDARD | |
| 500 | _aCover title | ||
| 504 | _aBibliography: page 34 | ||
| 650 | 1 | 0 |
_aHalal food industry _xStandards _zMalaysia _95540 |
| 650 | 2 | 0 |
_aFood industry and trade _xStandards _zMalaysia _95541 |
| 650 | 2 | 0 |
_aMuslims _xDietary laws _95542 |
| 830 | 0 |
_aMalaysian standard. _nMS 2400-1:2010 _95543 |
|
| 942 |
_2ddc _cBOOK |
||